000 00580nam a2200181 4500
001 133349
003 ES-MaACL
005 20230906194400.0
007 t|
008 070214s1920 fr r ||||1| fre d
100 1 _aRudaux, P.
_9100478
245 1 0 _aPrécis élémentaire d'Anatomie, de Physiologie et de Pathologie /
_cP. Rudaux ; avec préface par M. Ribemont-Dessaignes.
250 _a4e éd. rev.
260 _aParis :
_bMasson et Cie.,
_c1920.
300 _aVIII, 828 p. :
_bil. ;
_c19 cm.
700 1 _aRibemont-Dessaignes, Alban.
_996763
852 _aES-MaACL
_jB-11642
999 _c133349
_d133349